|
|
|
|
| LEADER |
00000nam0a2200000 4500 |
| 001 |
278681 |
| 005 |
20231101235133.0 |
| 035 |
|
|
|a (RuTPU)RU\TPU\book\301959
|
| 090 |
|
|
|a 278681
|
| 100 |
|
|
|a 20141213d1960 km y0rusy50 ca
|
| 101 |
0 |
|
|a rus
|
| 102 |
|
|
|a RU
|
| 105 |
|
|
|a a z 000zy
|
| 200 |
1 |
|
|a Обмоточно-изоляционное оборудование
|e альбом
|f Всесоюзный научно-исследовательский и проектно-конструкторский институт технологии электромашиностроения (ВНИИТэлектромаш) ; под ред. Э. С. Бернштейна [и др.]
|
| 210 |
|
|
|a Москва
|c Изд-во ЦИНТИЭлектропром
|d 1960
|
| 215 |
|
|
|a 163 с.
|c ил.
|
| 606 |
1 |
|
|a Электрические машины
|x Обмотка
|2 stltpush
|3 (RuTPU)RU\TPU\subj\27121
|9 50919
|
| 610 |
1 |
|
|a станки
|
| 610 |
1 |
|
|a намотки
|
| 610 |
1 |
|
|a намоточные станки
|
| 610 |
1 |
|
|a прессовое оборудование
|
| 610 |
1 |
|
|a станки специального назначения
|
| 610 |
1 |
|
|a альбомы
|
| 675 |
|
|
|a 621.313.045
|v 3
|
| 702 |
|
1 |
|a Бернштейн
|b Э. С.
|4 340
|
| 702 |
|
1 |
|a Буланов
|b И. Ф.
|4 340
|
| 702 |
|
1 |
|a Левитин
|b Г. М.
|4 340
|
| 702 |
|
1 |
|a Родионов
|b Ю. И.
|4 340
|
| 712 |
0 |
2 |
|a Всесоюзный научно-исследовательский и проектно-конструкторский институт технологии электромашиностроения (ВНИИТэлектромаш)
|2 stltpush
|3 (RuTPU)RU\TPU\col\18229
|
| 801 |
|
1 |
|a RU
|b 63413507
|c 20141213
|
| 801 |
|
2 |
|a RU
|b 63413507
|c 20141224
|g RCR
|
| 942 |
|
|
|c BK
|